[Event "ccc 2015 1"]
[Site "?"]
[Date "2015.04.29"]
[Round "1.12"]
[White "Hagen, Andreas Skytte"]
[Black "Sørensen, Per Settergren"]
[Result "1-0"]
[BlackElo "2049"]
[WhiteElo "2408"]
[LiveChessVersion "1.4.5"]

1. c4 {[%clk 1:30:57]} c5 {[%clk 1:30:49]} 2. g3 {[%clk 1:31:22]} g6
{[%clk 1:30:48]} 3. Bg2 {[%clk 1:31:47]} Bg7 {[%clk 1:31:12]} 4. Nc3
{[%clk 1:32:14]} Nc6 {[%clk 1:31:38]} 5. Nf3 {[%clk 1:32:40]} e5 {[%clk 1:31:55]}
6. O-O {[%clk 1:30:37]} Nge7 {[%clk 1:32:04]} 7. Ne1 {[%clk 1:30:08]} d6
{[%clk 1:32:04]} 8. Nc2 {[%clk 1:30:05]} Be6 {[%clk 1:31:29]} 9. Ne3
{[%clk 1:30:06]} O-O {[%clk 1:30:22]} 10. a3 {[%clk 1:24:11]} a5 {[%clk 1:28:00]}
11. Rb1 {[%clk 1:22:17]} Rb8 {[%clk 1:12:26]} 12. d3 {[%clk 1:13:50]} Nd4
{[%clk 1:06:46]} 13. b4 {[%clk 1:10:34]} cxb4 {[%clk 1:00:20]} 14. axb4
{[%clk 1:10:00]} b5 {[%clk 0:57:53]} 15. bxa5 {[%clk 0:45:23]} b4
{[%clk 0:50:39]} 16. Ncd5 {[%clk 0:41:23]} Bxd5 {[%clk 0:48:41]} 17. Nxd5
{[%clk 0:35:54]} Nxd5 {[%clk 0:47:34]} 18. Bxd5 {[%clk 0:36:18]} Qxa5
{[%clk 0:41:50]} 19. Bd2 {[%clk 0:32:56]} Qa2 {[%clk 0:36:04]} 20. Bxb4
{[%clk 0:29:45]} Nxe2+ {[%clk 0:32:19]} 21. Kg2 {[%clk 0:28:57]} e4
{[%clk 0:22:51]} 22. dxe4 {[%clk 0:27:27]} Nc3 {[%clk 0:20:09]} 23. Bxc3
{[%clk 0:24:44]} Bxc3 {[%clk 0:19:34]} 24. Rxb8 {[%clk 0:24:21]} Rxb8
{[%clk 0:19:56]} 25. Qf3 {[%clk 0:20:30]} Qa5 {[%clk 0:15:53]} 26. Qxf7+
{[%clk 0:20:39]} Kh8 {[%clk 0:16:21]} 27. Rb1 {[%clk 0:19:40]} Qd8
{[%clk 0:15:17]} 28. Rxb8 {[%clk 0:16:42]} Qxb8 {[%clk 0:15:29]} 29. h4
{[%clk 0:15:52]} Bg7 {[%clk 0:13:41]} 30. h5 {[%clk 0:14:57]} gxh5
{[%clk 0:13:53]} 31. Qxh5 {[%clk 0:15:15]} Qf8 {[%clk 0:13:47]} 32. Bf7
{[%clk 0:12:39]} Bd4 {[%clk 0:13:01]} 33. f4 {[%clk 0:09:09]} Kg7
{[%clk 0:12:11]} 34. Bd5 {[%clk 0:07:38]} Qf6 {[%clk 0:09:54]} 35. Qe8
{[%clk 0:07:16]} Kh6 {[%clk 0:07:33]} 36. Qg8 {[%clk 0:05:57]} Qg7
{[%clk 0:06:03]} 37. Qe6+ {[%clk 0:06:15]} Qf6 {[%clk 0:06:31]} 38. Qg4
{[%clk 0:06:06]} Ba1 {[%clk 0:05:00]} 39. Bg8 {[%clk 0:04:52]} Qb2+
{[%clk 0:04:36]} 40. Kh3 {[%clk 0:04:54]} Qf6 {[%clk 0:04:11]} 41. Bd5
{[%clk 0:01:56]} Bd4 {[%clk 0:04:17]} 42. Qe2 {[%clk 0:01:52]} Kg7
{[%clk 0:02:29]} 43. Qf3 {[%clk 0:02:08]} Qh6+ {[%clk 0:01:55]} 44. Kg2
{[%clk 0:02:32]} Qg6 {[%clk 0:02:05]} 45. g4 {[%clk 0:02:44]} h6 {[%clk 0:02:00]}
46. Kg3 {[%clk 0:02:53]} Qf6 {[%clk 0:02:15]} 47. Qb3 {[%clk 0:02:20]} Qe7
{[%clk 0:01:48]} 48. Qb8 {[%clk 0:02:33]} Qf8 {[%clk 0:01:21]} 49. Qc7+
{[%clk 0:02:52]} Kf6 {[%clk 0:01:01]} 50. Qd7 {[%clk 0:03:05]} Qe7
{[%clk 0:01:19]} 51. g5+ {[%clk 0:03:12]} hxg5 {[%clk 0:01:13]} 52. fxg5+
{[%clk 0:03:36]} 1-0

[Event "ccc 2015 1"]
[Site "?"]
[Date "2015.04.29"]
[Round "1.13"]
[White "Andersen, Kim Nyvang"]
[Black "Shen, Victor"]
[Result "0-1"]
[BlackElo "2394"]
[WhiteElo "2045"]
[LiveChessVersion "1.4.5"]

1. d4 {[%clk 1:30:54]} Nf6 {[%clk 1:30:54]} 2. c4 {[%clk 1:31:11]} e6
{[%clk 1:31:18]} 3. Nc3 {[%clk 1:31:21]} Bb4 {[%clk 1:31:41]} 4. e3
{[%clk 1:31:24]} b6 {[%clk 1:30:44]} 5. Nge2 {[%clk 1:30:20]} Ba6
{[%clk 1:30:55]} 6. a3 {[%clk 1:30:05]} Bxc3+ {[%clk 1:31:08]} 7. Nxc3
{[%clk 1:29:42]} d5 {[%clk 1:29:47]} 8. Qf3 {[%clk 1:28:28]} c6 {[%clk 1:26:24]}
9. cxd5 {[%clk 1:22:46]} exd5 {[%clk 1:24:31]} 10. Bxa6 {[%clk 1:21:14]} Nxa6
{[%clk 1:24:57]} 11. O-O {[%clk 1:18:14]} O-O {[%clk 1:24:31]} 12. b4
{[%clk 1:17:52]} Nc7 {[%clk 1:24:26]} 13. a4 {[%clk 1:16:40]} Qd7
{[%clk 1:21:17]} 14. Ba3 {[%clk 1:11:15]} Rfc8 {[%clk 1:18:24]} 15. Rfc1
{[%clk 1:09:21]} a6 {[%clk 1:16:51]} 16. h3 {[%clk 1:05:10]} Nce8
{[%clk 1:13:13]} 17. Qe2 {[%clk 1:01:25]} b5 {[%clk 1:11:17]} 18. axb5
{[%clk 1:00:13]} cxb5 {[%clk 1:10:05]} 19. e4 {[%clk 0:57:26]} dxe4
{[%clk 1:03:58]} 20. Nxe4 {[%clk 0:57:27]} Nxe4 {[%clk 1:04:05]} 21. Qxe4
{[%clk 0:57:50]} Nf6 {[%clk 1:03:13]} 22. Qe5 {[%clk 0:55:38]} Re8
{[%clk 0:52:43]} 23. Qc7 {[%clk 0:49:28]} Qxd4 {[%clk 0:41:14]} 24. Rd1
{[%clk 0:49:42]} Qc4 {[%clk 0:40:06]} 25. Qxc4 {[%clk 0:43:31]} bxc4
{[%clk 0:40:34]} 26. Bb2 {[%clk 0:40:46]} Ne4 {[%clk 0:38:40]} 27. Ra3
{[%clk 0:33:17]} Rab8 {[%clk 0:31:26]} 28. Re3 {[%clk 0:29:28]} Nf6
{[%clk 0:23:18]} 29. Rxe8+ {[%clk 0:23:58]} Nxe8 {[%clk 0:23:38]} 30. Rd4
{[%clk 0:23:54]} Rc8 {[%clk 0:23:24]} 31. Kf1 {[%clk 0:23:16]} f6
{[%clk 0:23:34]} 32. Ke2 {[%clk 0:23:05]} Kf7 {[%clk 0:23:36]} 33. Kd2
{[%clk 0:21:54]} Rc6 {[%clk 0:22:50]} 34. Rd5 {[%clk 0:18:34]} Nd6
{[%clk 0:21:06]} 35. Bd4 {[%clk 0:16:36]} Ke6 {[%clk 0:19:04]} 36. Rh5
{[%clk 0:15:19]} h6 {[%clk 0:18:32]} 37. f3 {[%clk 0:15:35]} Nf5 {[%clk 0:18:21]}
0-1

[Event "ccc 2015 1"]
[Site "?"]
[Date "2015.04.29"]
[Round "1.14"]
[White "Christiansen, Johan-Sebastian"]
[Black "Rishovd, Svein"]
[Result "1-0"]
[BlackElo "2033"]
[WhiteElo "2392"]
[LiveChessVersion "1.4.5"]

1. c4 {[%clk 1:30:56]} e5 {[%clk 1:30:55]} 2. g3 {[%clk 1:31:01]} c6
{[%clk 1:30:36]} 3. d4 {[%clk 1:31:25]} e4 {[%clk 1:30:42]} 4. Nc3
{[%clk 1:31:23]} d5 {[%clk 1:30:51]} 5. Nh3 {[%clk 1:31:03]} Nf6 {[%clk 1:26:13]}
6. Nf4 {[%clk 1:26:45]} Bb4 {[%clk 1:21:34]} 7. Qb3 {[%clk 1:14:48]} Bxc3+
{[%clk 1:14:48]} 8. Qxc3 {[%clk 1:13:15]} O-O {[%clk 1:14:50]} 9. Bg2
{[%clk 1:12:53]} Nbd7 {[%clk 1:07:48]} 10. b3 {[%clk 1:12:34]} Re8
{[%clk 1:07:09]} 11. O-O {[%clk 1:10:41]} g5 {[%clk 1:05:03]} 12. Nh3
{[%clk 1:10:51]} h6 {[%clk 1:05:28]} 13. f4 {[%clk 1:08:14]} g4 {[%clk 1:04:43]}
14. Nf2 {[%clk 1:08:32]} h5 {[%clk 0:59:19]} 15. f5 {[%clk 1:07:10]} Nh7
{[%clk 0:58:00]} 16. Nd1 {[%clk 1:03:36]} Ndf6 {[%clk 0:57:37]} 17. Ne3
{[%clk 1:02:07]} Bd7 {[%clk 0:57:11]} 18. h3 {[%clk 1:01:29]} Kh8
{[%clk 0:52:29]} 19. hxg4 {[%clk 1:01:37]} hxg4 {[%clk 0:51:51]} 20. Ba3
{[%clk 0:58:04]} Qc7 {[%clk 0:45:24]} 21. Rf4 {[%clk 0:57:35]} Nh5
{[%clk 0:45:43]} 22. cxd5 {[%clk 0:52:55]} Nxf4 {[%clk 0:32:16]} 23. gxf4
{[%clk 0:53:17]} Qxf4 {[%clk 0:32:21]} 24. dxc6 {[%clk 0:50:27]} bxc6
{[%clk 0:31:11]} 25. d5+ {[%clk 0:47:53]} f6 {[%clk 0:31:30]} 26. dxc6
{[%clk 0:47:19]} Bxc6 {[%clk 0:30:30]} 27. Rf1 {[%clk 0:47:32]} Qg3
{[%clk 0:29:48]} 28. Bc5 {[%clk 0:37:25]} Kg7 {[%clk 0:23:51]} 29. Bd4
{[%clk 0:31:03]} Rac8 {[%clk 0:23:55]} 30. Rd1 {[%clk 0:23:45]} Bb5
{[%clk 0:20:05]} 31. Qb2 {[%clk 0:23:51]} Bc6 {[%clk 0:12:09]} 32. Nf1
{[%clk 0:22:12]} Qf4 {[%clk 0:11:36]} 33. e3 {[%clk 0:22:41]} Qd6
{[%clk 0:10:43]} 34. Nh2 {[%clk 0:20:22]} Qg3 {[%clk 0:09:26]} 35. Nf1
{[%clk 0:20:40]} Qd6 {[%clk 0:09:51]} 36. Qe2 {[%clk 0:20:52]} Rg8
{[%clk 0:08:03]} 37. Nh2 {[%clk 0:20:29]} Qg3 {[%clk 0:03:08]} 38. Qxg4+
{[%clk 0:13:55]} Qxg4 {[%clk 0:03:06]} 39. Nxg4 {[%clk 0:14:23]} Rgf8
{[%clk 0:03:03]} 40. Bxa7 {[%clk 0:13:56]} Ra8 {[%clk 0:02:31]} 41. Bc5
{[%clk 0:14:19]} Bb5 {[%clk 0:01:49]} 42. Bxf8+ {[%clk 0:14:32]} Nxf8
{[%clk 0:02:00]} 43. Rd2 {[%clk 0:14:43]} Bc6 {[%clk 0:01:28]} 44. Rd6
{[%clk 0:13:58]} Bd7 {[%clk 0:01:41]} 45. Bxe4 {[%clk 0:14:07]} Rxa2
{[%clk 0:02:02]} 46. Nxf6 {[%clk 0:14:25]} Bb5 {[%clk 0:02:02]} 47. Nh5+
{[%clk 0:13:58]} Kf7 {[%clk 0:02:17]} 48. Rb6 {[%clk 0:14:10]} Bd7
{[%clk 0:01:43]} 49. Bd5+ {[%clk 0:14:17]} Ke7 {[%clk 0:02:03]} 50. f6+
{[%clk 0:14:04]} Kd8 {[%clk 0:02:21]} 51. Rb8+ {[%clk 0:13:32]} Bc8
{[%clk 0:02:49]} 52. Bb7 {[%clk 0:13:34]} Rc2 {[%clk 0:03:14]} 53. Nf4
{[%clk 0:13:27]} Kd7 {[%clk 0:03:20]} 54. Rxc8 {[%clk 0:13:32]} Rxc8
{[%clk 0:03:44]} 55. Bxc8+ {[%clk 0:13:58]} Kxc8 {[%clk 0:04:11]} 56. e4
{[%clk 0:14:04]} Nd7 {[%clk 0:03:07]} 57. f7 {[%clk 0:14:29]} Nf8
{[%clk 0:03:09]} 58. e5 {[%clk 0:14:55]} Kd7 {[%clk 0:03:37]} 59. e6+
{[%clk 0:15:17]} Ke7 {[%clk 0:03:59]} 60. Kf2 {[%clk 0:15:40]} Nxe6
{[%clk 0:04:17]} 61. Nxe6 {[%clk 0:16:04]} Kxf7 {[%clk 0:04:43]} 62. Nd4
{[%clk 0:16:28]} 1-0

[Event "ccc 2015 1"]
[Site "?"]
[Date "2015.04.29"]
[Round "1.15"]
[White "Olsen, Michael Richard W."]
[Black "Carstensen, Jacob"]
[Result "1/2-1/2"]
[BlackElo "2382"]
[WhiteElo "2023"]
[LiveChessVersion "1.4.5"]

1. Nf3 {[%clk 1:30:53]} d5 {[%clk 1:30:52]} 2. g3 {[%clk 1:31:18]} Nf6
{[%clk 1:31:16]} 3. Bg2 {[%clk 1:31:44]} c6 {[%clk 1:31:31]} 4. O-O
{[%clk 1:32:05]} Bg4 {[%clk 1:31:45]} 5. h3 {[%clk 1:32:23]} Bxf3
{[%clk 1:31:51]} 6. exf3 {[%clk 1:32:46]} e6 {[%clk 1:28:28]} 7. d3
{[%clk 1:32:46]} Bd6 {[%clk 1:24:23]} 8. Qe2 {[%clk 1:32:04]} Nbd7
{[%clk 1:21:23]} 9. Nd2 {[%clk 1:31:23]} g5 {[%clk 1:12:01]} 10. Nb3
{[%clk 1:27:38]} Rg8 {[%clk 1:11:48]} 11. c4 {[%clk 1:26:49]} Qc7
{[%clk 1:05:37]} 12. Be3 {[%clk 1:25:21]} O-O-O {[%clk 0:58:17]} 13. c5
{[%clk 1:20:00]} Be7 {[%clk 0:56:05]} 14. Rfc1 {[%clk 1:15:21]} Rg6
{[%clk 0:50:43]} 15. Kf1 {[%clk 1:08:25]} Nh5 {[%clk 0:48:52]} 16. Ke1
{[%clk 1:07:03]} Nf4 {[%clk 0:40:05]} 17. Bxf4 {[%clk 0:43:39]} gxf4
{[%clk 0:39:00]} 18. g4 {[%clk 0:43:44]} e5 {[%clk 0:32:09]} 19. Kd1
{[%clk 0:40:38]} h5 {[%clk 0:30:29]} 20. Rc3 {[%clk 0:30:33]} Re6
{[%clk 0:29:19]} 21. Kc2 {[%clk 0:28:28]} d4 {[%clk 0:21:48]} 22. Rc4
{[%clk 0:28:50]} b5 {[%clk 0:21:57]} 23. cxb6 {[%clk 0:28:57]} Nxb6
{[%clk 0:21:44]} 24. Nd2 {[%clk 0:28:57]} h4 {[%clk 0:18:03]} 25. Rc1
{[%clk 0:27:52]} Nxc4 {[%clk 0:18:21]} 26. Nxc4 {[%clk 0:28:15]} Rd5
{[%clk 0:18:34]} 27. Qe4 {[%clk 0:26:51]} Qd7 {[%clk 0:17:04]} 28. Kb1
{[%clk 0:24:13]} Kb7 {[%clk 0:16:53]} 29. Bf1 {[%clk 0:24:23]} Bd8
{[%clk 0:16:58]} 30. Be2 {[%clk 0:24:34]} Bc7 {[%clk 0:16:27]} 31. Bd1
{[%clk 0:22:49]} Rg6 {[%clk 0:15:57]} 32. Ba4 {[%clk 0:21:28]} Kc8
{[%clk 0:15:33]} 33. Qe1 {[%clk 0:21:30]} Kd8 {[%clk 0:14:47]} 34. Qb4
{[%clk 0:20:17]} Bd6 {[%clk 0:13:06]} 35. Qe1 {[%clk 0:18:03]} Qc7
{[%clk 0:10:24]} 36. Rc2 {[%clk 0:17:05]} Ke7 {[%clk 0:09:52]} 37. Qc1
{[%clk 0:16:05]} Rc5 {[%clk 0:08:41]} 38. Nxd6 {[%clk 0:14:42]} Rxc2
{[%clk 0:09:05]} 39. Nf5+ {[%clk 0:14:57]} Kf8 {[%clk 0:09:24]} 40. Qxc2
{[%clk 0:15:12]} c5 {[%clk 0:09:40]} 41. Qc4 {[%clk 0:14:39]} Rb6
{[%clk 0:09:40]} 42. Bb3 {[%clk 0:12:53]} Kg8 {[%clk 0:09:18]} 43. Qd5
{[%clk 0:11:05]} a5 {[%clk 0:09:28]} 44. Qa8+ {[%clk 0:06:58]} Rb8
{[%clk 0:09:31]} 45. Qa6 {[%clk 0:05:57]} Qb6 {[%clk 0:08:46]} 46. Qxb6
{[%clk 0:04:17]} Rxb6 {[%clk 0:09:15]} 47. Kc2 {[%clk 0:03:33]} Kf8
{[%clk 0:09:40]} 48. Nxh4 {[%clk 0:02:42]} Rh6 {[%clk 0:09:42]} 49. Nf5
{[%clk 0:03:07]} Rxh3 {[%clk 0:10:08]} 50. Bd5 {[%clk 0:03:26]} Rh2
{[%clk 0:10:18]} 51. Nd6 {[%clk 0:03:16]} Rxf2+ {[%clk 0:10:19]} 52. Kb3
{[%clk 0:03:30]} f6 {[%clk 0:10:02]} 53. a4 {[%clk 0:02:28]} Ke7 {[%clk 0:04:06]}
54. Nc4 {[%clk 0:02:47]} Rf1 {[%clk 0:04:24]} 55. Nxa5 {[%clk 0:03:06]} Ra1
{[%clk 0:04:44]} 56. Nc4 Kd7 {[%clk 0:04:58]} 57. Be4 {[%clk 0:03:01]} Kc7
{[%clk 0:05:27]} 58. Na3 {[%clk 0:03:15]} Kb6 {[%clk 0:05:42]} 59. Nc4+
{[%clk 0:03:40]} Kc7 {[%clk 0:06:09]} 60. g5 {[%clk 0:03:51]} fxg5
{[%clk 0:06:35]} 61. Nxe5 {[%clk 0:04:15]} Rg1 {[%clk 0:06:13]} 62. Ka2
{[%clk 0:03:26]} Kb6 {[%clk 0:06:14]} 63. Nc4+ {[%clk 0:03:38]} Ka6
{[%clk 0:06:38]} 64. Bc6 {[%clk 0:03:42]} g4 {[%clk 0:06:53]} 65. fxg4
{[%clk 0:04:04]} Rxg4 {[%clk 0:07:11]} 66. Nd2 {[%clk 0:03:16]} Rg1
{[%clk 0:07:17]} 67. Kb3 {[%clk 0:02:54]} Rc1 {[%clk 0:07:18]} 68. Bb5+
{[%clk 0:03:01]} Kb6 {[%clk 0:07:13]} 69. Be8 {[%clk 0:02:49]} Ka6
{[%clk 0:07:12]} 70. Bh5 {[%clk 0:02:58]} Ka5 {[%clk 0:05:58]} 71. Bf3
{[%clk 0:03:04]} Ka6 {[%clk 0:06:19]} 72. Be4 {[%clk 0:03:13]} Ka5
{[%clk 0:06:21]} 73. Nc4+ {[%clk 0:03:20]} Ka6 {[%clk 0:06:49]} 74. Ne5
{[%clk 0:03:20]} Ka5 {[%clk 0:06:45]} 75. Ng6 {[%clk 0:02:58]} Rf1
{[%clk 0:05:29]} 76. Nh4 {[%clk 0:03:10]} Rc1 {[%clk 0:05:10]} 77. Nf3
{[%clk 0:02:51]} Ra1 {[%clk 0:05:07]} 78. Kc4 {[%clk 0:02:19]} Rc1+
{[%clk 0:05:31]} 79. Kb3 {[%clk 0:02:42]} Ra1 {[%clk 0:05:55]} 80. Kc4
{[%clk 0:02:43]} Rc1+ {[%clk 0:06:21]} 81. Kb3 {[%clk 0:01:19]} 1/2-1/2

[Event "ccc 2015 1"]
[Site "?"]
[Date "2015.04.29"]
[Round "1.16"]
[White "Kristensen, Kåre Hove"]
[Black "Karlsson, Ulf"]
[Result "1-0"]
[BlackElo "2022"]
[WhiteElo "2380"]
[LiveChessVersion "1.4.5"]

1. e4 {[%clk 1:30:53]} c5 {[%clk 1:30:51]} 2. Nf3 {[%clk 1:31:15]} Nc6
{[%clk 1:31:10]} 3. d4 {[%clk 1:29:56]} cxd4 {[%clk 1:31:31]} 4. Nxd4
{[%clk 1:30:19]} e5 {[%clk 1:31:54]} 5. Nb5 {[%clk 1:29:15]} d6 {[%clk 1:32:15]}
6. Nd2 {[%clk 1:27:54]} a6 {[%clk 1:28:43]} 7. Nc3 {[%clk 1:28:14]} Nf6
{[%clk 1:22:25]} 8. Bd3 {[%clk 1:22:48]} Be7 {[%clk 1:20:29]} 9. Nc4
{[%clk 1:19:50]} d5 {[%clk 1:09:35]} 10. exd5 {[%clk 1:18:39]} Nxd5
{[%clk 1:09:15]} 11. Nxd5 {[%clk 1:18:41]} Qxd5 {[%clk 1:09:39]} 12. O-O
{[%clk 1:17:36]} Bc5 {[%clk 0:55:08]} 13. Re1 {[%clk 1:15:31]} Be6
{[%clk 0:51:57]} 14. Nxe5 {[%clk 0:55:49]} Nxe5 {[%clk 0:36:52]} 15. Bb5+
{[%clk 0:55:55]} Ke7 {[%clk 0:37:18]} 16. Qxd5 {[%clk 0:50:44]} Bxd5
{[%clk 0:37:45]} 17. Rxe5+ {[%clk 0:50:44]} Kd6 {[%clk 0:35:10]} 18. Bf4
{[%clk 0:49:17]} axb5 {[%clk 0:31:35]} 19. Rd1 {[%clk 0:49:23]} Kc6
{[%clk 0:31:58]} 20. Rexd5 {[%clk 0:42:55]} Rxa2 {[%clk 0:30:24]} 21. Bd6
{[%clk 0:41:45]} Bxd6 {[%clk 0:25:26]} 22. Rxd6+ {[%clk 0:41:50]} Kc5
{[%clk 0:25:55]} 23. R6d5+ {[%clk 0:24:55]} Kc6 {[%clk 0:25:09]} 24. b4
{[%clk 0:24:09]} Rxc2 {[%clk 0:23:42]} 25. Rd6+ {[%clk 0:21:21]} Kc7
{[%clk 0:24:06]} 26. Rd7+ {[%clk 0:21:01]} Kb6 {[%clk 0:24:28]} 27. g3
{[%clk 0:17:45]} Rf8 {[%clk 0:22:58]} 28. Kg2 {[%clk 0:15:27]} Rc4
{[%clk 0:22:44]} 29. Re7 {[%clk 0:14:31]} Rxb4 {[%clk 0:16:37]} 30. Rdd7
{[%clk 0:14:35]} Rb8 {[%clk 0:14:34]} 31. Rxf7 {[%clk 0:14:51]} Rg4
{[%clk 0:14:49]} 32. f4 {[%clk 0:13:33]} Rg6 {[%clk 0:14:14]} 33. Kf3
{[%clk 0:09:38]} Ka5 {[%clk 0:14:38]} 34. g4 {[%clk 0:08:34]} Rc8
{[%clk 0:14:37]} 35. g5 {[%clk 0:07:30]} b4 {[%clk 0:12:22]} 36. Rd5+
{[%clk 0:06:17]} Ka4 {[%clk 0:12:41]} 37. Rxb7 {[%clk 0:06:37]} h6
{[%clk 0:09:47]} 38. h4 {[%clk 0:06:50]} h5 {[%clk 0:08:59]} 39. Rd4
{[%clk 0:04:52]} Rc3+ {[%clk 0:08:29]} 40. Ke4 {[%clk 0:05:11]} Re6+
{[%clk 0:06:08]} 41. Kf5 {[%clk 0:04:03]} Rce3 {[%clk 0:06:26]} 42. Rdxb4+
{[%clk 0:02:52]} Ka5 {[%clk 0:06:38]} 43. R7b5+ {[%clk 0:03:08]} Ka6
{[%clk 0:07:02]} 44. Re5 {[%clk 0:03:09]} R3xe5+ {[%clk 0:04:46]} 45. fxe5
{[%clk 0:03:19]} Re7 {[%clk 0:05:10]} 46. e6 {[%clk 0:03:33]} Ka5
{[%clk 0:05:16]} 47. Rd4 {[%clk 0:03:45]} Kb6 {[%clk 0:05:08]} 48. Rd7
{[%clk 0:03:58]} Re8 {[%clk 0:04:47]} 49. Rxg7 {[%clk 0:04:17]} Kc6
{[%clk 0:05:01]} 50. g6 {[%clk 0:04:13]} 1-0